000 00808cab a2200253 4500
001 ABS47770
008 090401t1993 xxu||||| |||| 00| 0 eng d
035 _a(Sirsi) u63368
041 _aeng
245 _aAutumn fall
260 _c1993
350 _a0
490 _aNew Civil Engineer
_v(1024) 31 December 1992/7 January 1993, 13 (1)
520 _aPublishes the EC Harris/New Civil Engineer Index compilations (up to 4th quarter 1992). all categories except timber, bitumous products and fuel show a fall.
650 _aBUILT ENVIRONMENT-BUILDING MATERIALS
650 _aCOST INDICES
650 _aEC HARRIS
650 _aLABOUR COSTS
650 _aNEW CIVIL ENGINEER INDEX
650 _aBCIS ALL-IN TENDER PRICE INDEX
690 _aBUILT ENVIRONMENT
942 _n0
948 _c04/03/1997
999 _c39394
_d39394